LEADER 01533nam2 22003493i 450 001 UMC0059911 005 20251003044431.0 020 $aIT$b1947 3396 090 $a634340 100 $a19940714d1946 ||||0itac50 ba 101 | $aita 102 $ait 181 1$6z01$ai $bxxxe 182 1$6z01$an 183 1$6z01$anc$2RDAcarrier 200 1 $aˆ3: ‰Del processo di esecuzione$fMarco Tullio Zanzucchi 205 $a3.-4. ed. riveduta col testo del progetto ministeriale di revisione 1946 del CPC e aggiornato con la piu' recente dottrina e giurisprudenza 210 $aMilano$cA. Giuffrè$d1946 215 $aVII, 361 p.$d26 cm. 461 1$1001TO00575450$12001 $aDiritto processuale civile$fMarco Tullio Zanzucchi$v3 500 10$aˆ3: ‰Del processo di esecuzione.$3MSE0068992$9TO0V091227$968495 606 $aDiritto processuale civile$xItalia$2FIR$3BVEC130071$9E 676 $a347.05$9TRIBUNALI CIVILI. PROCEDURA$v21 676 $a347.45$9Diritto processuale civile e tribunali civili. Italia$v22 700 1$aZanzucchi$b, Marco Tullio$3TO0V091227$4070$0228726 801 3$aIT$bIT-000000$c19940714 850 $aIT-BN0095 $aIT-AV0007 $aIT-BN0015 912 $aUMC0059911 950 2$aBiblioteca Centralizzata di Ateneo$cv. 1-4$d 01D (C) 23 986$e 01C 0800239885 VMA (0003 v. 3$fY $h20120917$i20120917 977 $a 01$a AV$a PB 996 $aDel processo di esecuzione$968495 997 $aUNISANNIO